Susceptibility of Jobs to Automation in Slovakia

Skúmanie, do akej miery sú pracovné miesta na Slovensku ohrozené prebiehajúcim procesom automatizácie. Nízko, stredne a vysoko rizikové povolania v závislosti od ich pravdepodobnosti automatizácie (prahová hodnota pri pravdepodobnostných hodnotách 30% a 70%). Automatizácia väčšou hrozbou pre mužov a...

Description complète

Enregistré dans:
Détails bibliographiques
Auteur principal: Vitáloš, Matej, 1993-
Format: Chapitre de livre
Langue:anglais
Sujets:
Tags: Ajouter un tag
Pas de tags, Soyez le premier à ajouter un tag!

MARC

LEADER 00000naa$a2200000$$$4500
001 0264107
005 20240502074205.8
041 0 |a eng 
044 |a SK 
245 1 0 |a Susceptibility of Jobs to Automation in Slovakia 
520 |a Skúmanie, do akej miery sú pracovné miesta na Slovensku ohrozené prebiehajúcim procesom automatizácie. Nízko, stredne a vysoko rizikové povolania v závislosti od ich pravdepodobnosti automatizácie (prahová hodnota pri pravdepodobnostných hodnotách 30% a 70%). Automatizácia väčšou hrozbou pre mužov ako pre ženy. 
610 2 0 |a automatizácia 
610 2 0 |a automatizácia práce 
610 2 0 |a miesta pracovné 
610 2 0 |a informatizácia 
610 2 0 |a digitalizácia 
610 2 0 |a zamestnanosť 
100 1 |a Vitáloš, Matej, 1993-